El sandwich mas grande, jamas / (Record no. 17665)
[ view plain ]
| 000 -LEADER | |
|---|---|
| fixed length control field | 01294cam a2200337Ia 4500 |
| 001 - CONTROL NUMBER | |
| control field | 18613152 |
| 003 - CONTROL NUMBER IDENTIFIER | |
| control field | OCoLC |
| 005 - DATE AND TIME OF LATEST TRANSACTION | |
| control field | 20240319195357.0 |
| 008 - FIXED-LENGTH DATA ELEMENTS--GENERAL INFORMATION | |
| fixed length control field | 881015c19871980nyua j 000 1 spa d |
| 020 ## - INTERNATIONAL STANDARD BOOK NUMBER | |
| International Standard Book Number | 0590408844 (pbk.) : |
| Terms of availability | $2.95 |
| 020 ## - INTERNATIONAL STANDARD BOOK NUMBER | |
| International Standard Book Number | 9780590408844 (pbk.) |
| 024 ## - OTHER STANDARD IDENTIFIER | |
| Standard number or code | 078073002955 |
| 040 ## - CATALOGING SOURCE | |
| Original cataloging agency | IFA |
| Transcribing agency | IFA |
| Modifying agency | AGL |
| -- | OCL |
| -- | COG |
| 041 1# - LANGUAGE CODE | |
| Language code of text/sound track or separate title | eng |
| Language code of original | spa |
| 092 ## - LOCALLY ASSIGNED DEWEY CALL NUMBER (OCLC) | |
| Classification number | [Fic] |
| 092 ## - LOCALLY ASSIGNED DEWEY CALL NUMBER (OCLC) | |
| Classification number | E |
| Item number | GEL |
| 100 1# - MAIN ENTRY--PERSONAL NAME | |
| Personal name | Gelman, Rita Golden. |
| 240 10 - UNIFORM TITLE | |
| Uniform title | <a href="Biggest sandwich ever.">Biggest sandwich ever.</a> |
| Language of a work | Spanish. |
| 245 13 - TITLE STATEMENT | |
| Title | El sandwich mas grande, jamas / |
| Statement of responsibility, etc. | cuento de Rita Golden Gelman ; ilustraciones de Mort Gerberg ; traducido por Otto Rene Vasquez. |
| 260 ## - PUBLICATION, DISTRIBUTION, ETC. (IMPRINT) | |
| Place of publication, distribution, etc. | New York : |
| Name of publisher, distributor, etc. | Scholastic Inc., |
| Date of publication, distribution, etc. | 1987, c1980. |
| 300 ## - PHYSICAL DESCRIPTION | |
| Extent | [40] p. : |
| Other physical details | col. ill. ; |
| Dimensions | 15 x 21 cm. |
| 500 ## - GENERAL NOTE | |
| General note | Translation of: The biggest sandwich ever. |
| 520 ## - SUMMARY, ETC. | |
| Summary, etc. | Un hombre con una olla viene a la partido de campo de dos ninos y hace un sandwich, lo mas grande del mundo--jamas. A strange little man with a pot on his head comes to the picnic of two children and proceeds to make a gigantic sandwich. |
| 526 ## - STUDY PROGRAM INFORMATION NOTE | |
| Reading level | RL 2 004-007 |
| 650 #0 - SUBJECT ADDED ENTRY--TOPICAL TERM | |
| Topical term or geographic name as entry element | Fantasy |
| Form subdivision | Juvenile fiction. |
| 650 #0 - SUBJECT ADDED ENTRY--TOPICAL TERM | |
| Topical term or geographic name as entry element | Sandwiches |
| Form subdivision | Juvenile fiction. |
| 650 #0 - SUBJECT ADDED ENTRY--TOPICAL TERM | |
| Topical term or geographic name as entry element | Cooking |
| Form subdivision | Juvenile fiction. |
| 700 1# - ADDED ENTRY--PERSONAL NAME | |
| Personal name | Gerberg, Mort. |
| 700 1# - ADDED ENTRY--PERSONAL NAME | |
| Personal name | Vasquez, Rene. |
| 942 ## - ADDED ENTRY ELEMENTS (KOHA) | |
| Koha item type | Libro/Book |
| Withdrawn status | Lost status | Damaged status | Not for loan | Home library | Current library | Date acquired | Inventory number | Total Checkouts | Full call number | Barcode | Date last seen | Price effective from | Koha item type | Source of classification or shelving scheme | Date checked out |
|---|---|---|---|---|---|---|---|---|---|---|---|---|---|---|---|
| Las Pampas -- Satellite | Las Pampas -- Satellite | 16/06/2017 | inventory date: 17-1-25 | JI | 35701527 | 16/06/2017 | 16/06/2017 | Libro/Book | |||||||
| Monte Cristo -- Satellite | Monte Cristo -- Satellite | 14/05/2019 | 40201814 | 14/05/2019 | 14/05/2019 | Libro/Book | Dewey Decimal Classification | ||||||||
| San Juan Del Sur -- Mobile | San Juan Del Sur -- Mobile | 03/03/2024 | Inventory date: 27-2-25 | 2 | JI | 33016014 | 19/11/2024 | 03/03/2024 | Libro/Book | 16/04/2024 |